The Role of Technological and Innovative Growth in Economy bakalárska práca

Gespeichert in:
Bibliographische Detailangaben
1. Verfasser: Stanová, Petra
Körperschaft: Národohospodárska fakulta EU. Katedra financií
Weitere Verfasser: Hocman, František, 1983-
Format: Buch
Sprache:Englisch
Veröffentlicht: Bratislava 2023
Tags: Tag hinzufügen
Keine Tags, Fügen Sie das erste Tag hinzu!

MARC

LEADER 00000nbm a2200000 4500
001 0294490
005 20231121141931.8
041 0 |a eng 
044 |a SK 
245 1 0 |a The Role of Technological and Innovative Growth in Economy  |b bakalárska práca  |c Petra Stanová ; školiteľ: František Hocman 
264 1 |a Bratislava  |c 2023 
300 |a 48 s. 
100 1 |a Stanová, Petra 
700 1 |a Hocman, František, 1983- 
710 2 |a Národohospodárska fakulta EU. Katedra financií